000 00730nam a22002057a 4500
999 _c13207
_d13207
003 OSt
005 20190212143913.0
008 190212b ||||| |||| 00| 0 eng d
040 _cUM Digos College
082 _22018
_aUT 1178
_bT11
100 _aTaca, Theodore Mareljhon C.
_936935
245 _aPercieved causes of bullying and personality of the bullied/
_cTheodore Mareljhon C. Taca, Semilla, Orville Jr. H. and Chavez, Chester B.
260 _aDigos City;
_bUMDC
_cNovember 2018
300 _a60 pages.
_c30 cm.
650 _aCriminology
_xUndergraduate thesis.
_936936
700 _aTaca, Theodore Mareljhon C.
_936935
700 _aSemilla, Orville Jr. H.
_936937
700 _aChavez, Chester B.
_936938
942 _2ddc
_cUT